〈Minecraft〉村人との取引 - Statistics

General Stats
  • This quiz has been taken 7 times
  • The average score is 121 of 219
Answer Stats
職業 アイテム名 % Correct
農民 パン
100%
羊飼い いずれかの色の{羊毛}
100%
肉屋 生の鶏肉
100%
肉屋 生の豚肉
100%
武器鍛冶 | 肉屋 | 道具鍛冶 | +2 others 石炭
100%
聖職者 腐った肉
100%
聖職者 レッドストーンダスト
100%
聖職者 | 行商人 グロウストーン
100%
矢師 | 釣り人
100%
司書 | 製図家
100%
製図家 白紙の地図
100%
司書 本棚
100%
司書
100%
矢師
100%
矢師
100%
矢師 エンチャントされた{弓}
100%
矢師 効能付きの{矢}
100%
革細工師
100%
石工
100%
道具鍛冶 石の斧
100%
道具鍛冶 石のシャベル
100%
道具鍛冶 石のツルハシ
100%
道具鍛冶 石のクワ
100%
武器鍛冶 | 道具鍛冶 | 防具鍛冶
100%
武器鍛冶 | 道具鍛冶 鉄の斧
100%
道具鍛冶 エンチャントされた{鉄のシャベル}
100%
行商人 | 道具鍛冶 エンチャントされた{鉄のツルハシ}
100%
武器鍛冶 | 道具鍛冶 | 防具鍛冶 ダイヤモンド
100%
武器鍛冶 | 道具鍛冶 エンチャントされた{ダイヤモンドの斧}
100%
道具鍛冶 エンチャントされた{ダイヤモンドのシャベル}
100%
道具鍛冶 エンチャントされた{ダイヤモンドのツルハシ}
100%
武器鍛冶 エンチャントされた{鉄の剣}
100%
武器鍛冶 エンチャントされた{ダイヤモンドの剣}
100%
農民 小麦
75%
農民 ビートルート
75%
農民 ニンジン
75%
農民 ジャガイモ
75%
行商人 | 農民 カボチャ
75%
農民 スイカ
75%
羊飼い 各色の{染料}
75%
肉屋 生の羊肉
75%
釣り人 生鱈
75%
釣り人 焼き鱈
75%
釣り人 焼き鮭
75%
釣り人 熱帯魚
75%
釣り人 フグ
75%
司書 エンチャントの本
75%
矢師
75%
武器鍛冶 | 矢師 | 道具鍛冶 | 革細工師 火打石
75%
矢師 クロスボウ
75%
矢師 エンチャントされた{クロスボウ}
75%
革細工師
75%
石工 粘土玉
75%
石工 レンガ
75%
石工 花崗岩
75%
石工 安山岩
75%
石工 閃緑岩
75%
石工 いずれかの色の{テラコッタ}
75%
石工 クォーツブロック
75%
武器鍛冶 | 道具鍛冶 | 防具鍛冶 鉄インゴット
75%
道具鍛冶 ダイヤのクワ
75%
防具鍛冶 鉄のヘルメット
75%
防具鍛冶 鉄のチェストプレート
75%
防具鍛冶 鉄のレギンス
75%
防具鍛冶 鉄のブーツ
75%
防具鍛冶 チェーンのチェストプレート
75%
防具鍛冶 チェーンのヘルメット
75%
防具鍛冶 エンチャントされた{ダイヤモンドのレギンス}
75%
防具鍛冶 エンチャントされた{ダイヤモンドのチェストプレート}
75%
行商人 小麦の種
75%
行商人 いずれかの色の{染料}
75%
行商人 熱帯魚入りバケツ
75%
行商人 9種の{苗木}
75%
農民 リンゴ
50%
農民 クッキー
50%
農民 ケーキ
50%
農民 金のニンジン
50%
農民 きらめくスイカの薄切り
50%
羊飼い {白}色の{羊毛}
50%
羊飼い {茶}色の{羊毛}
50%
羊飼い {黒}色の{羊毛}
50%
羊飼い {灰}色の{羊毛}
50%
羊飼い ハサミ
50%
羊飼い いずれかの色の{カーペット}
50%
羊飼い いずれかの色の{ベッド}
50%
羊飼い いずれかの色の{旗}
50%
肉屋 生の兎肉
50%
肉屋 焼き豚
50%
肉屋 生の牛肉
50%
聖職者 金インゴット
50%
聖職者 ラピスラズリ
50%
聖職者 エンダーパール
50%
釣り人 生鮭
50%
釣り人 エンチャントされた{釣竿}
50%
司書 | 製図家 コンパス
50%
製図家 海洋探検家の地図
50%
製図家
50%
製図家 森林探検家の地図
50%
司書 ランタン
50%
司書 ガラス
50%
司書 | 行商人 名札
50%
矢師 砂利
50%
矢師 羽根
50%
革細工師 革のレギンス
50%
革細工師 革のチェストプレート
50%
革細工師 革のヘルメット
50%
革細工師 革のブーツ
50%
石工 いずれかの色の{彩釉テラコッタ}
50%
防具鍛冶 チェーンのレギンス
50%
防具鍛冶 チェーンのブーツ
50%
防具鍛冶 溶岩入りバケツ
50%
防具鍛冶
50%
防具鍛冶 エンチャントされた{ダイヤモンドのブーツ}
50%
防具鍛冶 エンチャントされた{ダイヤモンドのヘルメット}
50%
行商人 ベイクドポテト
50%
行商人 火薬
50%
行商人 いずれかの種類の{原木}
50%
行商人 サトウキビ
50%
行商人 タンポポ
50%
行商人 ポピー
50%
行商人 カボチャの種
50%
行商人 スイカの種
50%
行商人 茶色のキノコ
50%
行商人 赤色のキノコ
50%
行商人
50%
行商人 シーピクルス
50%
行商人 コンブ
50%
行商人 4色の{チューリップ}
50%
行商人 5種の{サンゴブロック}
50%
農民 パンプキンパイ
25%
農民 怪しげなシチュー
25%
羊飼い 絵画
25%
肉屋 ウサギシチュー
25%
肉屋 焼き鳥
25%
肉屋 乾燥した昆布ブロック
25%
肉屋 スイートベリー
25%
聖職者 ウサギの足
25%
聖職者 | 革細工師 カメのウロコ
25%
聖職者 ガラス瓶
25%
聖職者 エンチャントの瓶
25%
釣り人 タラ入りバケツ
25%
釣り人 焚き火
25%
釣り人 バイオームに対応するの木の{ボート}
25%
製図家 ガラス板
25%
製図家 村/バイオームの{探検家の地図}
25%
製図家 額縁
25%
製図家 地球の旗の模様
25%
司書 イカスミ
25%
司書 本と羽根ペン
25%
司書 時計
25%
矢師 トリップワイヤーフック
25%
革細工師 ウサギの革
25%
革細工師 革の馬鎧
25%
石工 模様入りの石レンガ
25%
石工 磨かれた花崗岩
25%
石工 磨かれた安山岩
25%
石工 磨かれた閃緑岩
25%
石工 ネザークオーツ
25%
石工 クォーツの柱
25%
行商人 水入り瓶
25%
行商人 水入りバケツ
25%
行商人 氷塊
25%
行商人 ポドゾル
25%
行商人 青氷
25%
行商人 ビートルートの種
25%
行商人 ツタ
25%
行商人 赤い砂
25%
行商人 フグ入りバケツ
25%
行商人 サボテン
25%
行商人 スライムボール
25%
行商人 オウムガイの殻
25%
聖職者 ネザーウォート
0%
製図家 試練の間の地図
0%
石工 鍾乳石ブロック
0%
行商人 ミルク入りバケツ
0%
行商人 発酵したクモの目
0%
行商人 干し草の俵
0%
行商人 透明化のポーション
0%
行商人 シダ
0%
行商人 アリウム
0%
行商人 ヒナソウ
0%
行商人 フランスギク
0%
行商人 ヤグルマギク
0%
行商人 ヒスイラン
0%
行商人 開いたヒトミソウ
0%
行商人 色あせた垂れ{苔}
0%
行商人 スイレンの葉
0%
行商人 小さな{ドリップリーフ}
0%
行商人 鍾乳石
0%
行商人 根付いた土
0%
行商人 苔ブロック
0%
行商人 色あせた苔ブロック
0%
行商人 野花
0%
行商人 背の高い枯草
0%
行商人 金のタンポポ
0%
行商人 {ホタル}の茂み
0%
No matching quizzes found
Score Distribution
Percent of People with Each Score
Percentile by Number Answered
Your Score History
You have not taken this quiz